000 00382nam a2200169Ia 4500
008 210210b1901 xxu||||| |||| 00| 0 eng d
041 _aeng
082 _a930/138
100 _aCAPES
245 _aEarly Roman empire
260 _aLondon
_bLongmans Green & Co
_c1901
650 _aRoman
650 _aempire
650 _aEarly
690 _aAncient History
906 _a025051
999 _c150866
_d150866